LEADER 01187nam--2200409---450- 001 990000879160203316 010 $a88-7750-026-3 035 $a0087916 035 $aUSA010087916 035 $a(ALEPH)000087916USA01 035 $a0087916 100 $a20020116d1991----km-y0itay0103----ba 101 $aita 102 $aIT 105 $a||||||||001yy 200 1 $aConoscere i nostri alimenti$fAngelo Sampaolo, Angelo Stacchini, Ivano Camoni$gpresentazione di G.B. Marini Bettolo 210 $aTorino$cUTET libreria$d1991 215 $a331 p.$d21 cm 410 $12001 461 1$1001-------$12001 606 0 $aAlimentazione 606 0 $aDietetica 676 $a641.1 700 1$aSAMPAOLO,$bAngelo$069060 701 1$aSTACCHINI,$bAngelo$0542801 701 1$aCAMONI,$bIvano$0355923 701 01$aMARINI BETTOLO,$bG.B.$0551447 801 0$aIT$bsalbc$gISBD 912 $a990000879160203316 951 $aIRA 34 38$b73631 EC$cIRA 959 $aBK 969 $aECO 979 $aPATTY$b90$c20020116$lUSA01$h1527 979 $c20020403$lUSA01$h1732 979 $aPATRY$b90$c20040406$lUSA01$h1701 996 $aConoscere i nostri alimenti$9969761 997 $aUNISA